[Event "GER-chT Betriebe 18th"]
[Site "Altenberg Zinnwald"]
[Date "2018.11.10"]
[Round "5.1"]
[White "Schmidt, Gerhard"]
[Black "Wolf, Wilfried"]
[Result "1-0"]
[WhiteElo "2040"]
[BlackElo "1515"]
[PlyCount "109"]
[EventDate "2018.11.08"]
[EventType "team-swiss"]
[EventRounds "7"]
[EventCountry "GER"]
[SourceTitle "EXT 2020"]
[Source "ChessBase"]
[SourceDate "2019.10.17"]
[SourceVersion "1"]
[SourceVersionDate "2019.10.17"]
[SourceQuality "1"]
[WhiteTeam "Altenberg Europark"]
[BlackTeam "Berlin Tempelhof IV"]
[WhiteTeamCountry "GER"]
[BlackTeamCountry "GER"]

1. e4 e5 2. Nf3 d6 3. d4 exd4 4. Nxd4 Nf6 5. Nc3 a6 6. Be2 Be7 7. 0-0 0-0 8. Bf4 Bd7 9. Qd3 Nc6 10. Nxc6 Bxc6 11. Rad1 Nd7 12. Nd5 Nc5 13. Qe3 Ne6 14. Bg3 Re8 15. Nxe7+ Qxe7 16. Bc4 Nc5 17. f3 Nd7 18. Rd2 Nb6 19. Bb3 Rad8 20. Rfd1 Rd7 21. Bxd6 cxd6 22. Qxb6 Red8 23. Qd4 Qe5 24. Qxe5 dxe5 25. Rxd7 Rxd7 26. Rxd7 Bxd7 27. Kf2 Kf8 28. Ke3 Ke7 29. Bd5 b6 30. b4 f6 31. c4 Kd6 32. a3 g5 33. g3 h6 34. f4 Be8 35. fxe5+ Kxe5 36. Bb7 a5 37. c5 axb4 38. axb4 bxc5 39. bxc5 Bb5 40. Kd2 Ba4 41. Kc3 Be8 42. Kb4 h5 43. c6 Kd6 44. Kb5 Kc7 45. Kc5 Bf7 46. Ba6 Be6 47. Be2 h4 48. Bh5 hxg3 49. hxg3 Bg8 50. Bg6 Ba2 51. Be8 Bb3 52. Kd4 Be6 53. e5 fxe5+ 54. Kxe5 Bc8 55. Kf6 1-0

[Event "Berlin-ch Seniors op 33rd"]
[Site "Berlin"]
[Date "2017.01.31"]
[Round "1"]
[White "Wolf, Wilfried"]
[Black "Sebastian, Martin"]
[Result "1/2-1/2"]
[WhiteElo "1702"]
[BlackElo "1987"]
[PlyCount "67"]
[EventDate "2017.01.31"]
[EventType "swiss"]
[EventRounds "9"]
[EventCountry "GER"]
[SourceTitle "EXT 2019"]
[Source "ChessBase"]
[SourceDate "2018.10.10"]
[SourceVersion "1"]
[SourceVersionDate "2018.10.10"]
[SourceQuality "1"]

1. e4 e5 2. Nf3 Nc6 3. d4 exd4 4. Nxd4 g6 5. c3 Bg7 6. Bc4 Nf6 7. f3 d6 8. Be3 Bd7 9. Qe2 a6 10. Nd2 0-0 11. 0-0 b5 12. Nxc6 Bxc6 13. Bb3 Qc8 14. Rfd1 Qb7 15. Nf1 a5 16. a3 Nd7 17. Qf2 Ne5 18. Bd4 Rfc8 19. Qe2 b4 20. Nd2 a4 21. Bc2 b3 22. Bd3 Nxd3 23. Qxd3 Bxd4+ 24. Qxd4 Qa7 25. Qxa7 Rxa7 26. Nf1 Ra5 27. Rd2 f5 28. exf5 Rxf5 29. Re1 Kf7 30. Ng3 Ra5 31. Kf2 h6 32. Ne2 Bd5 33. Ng3 Bc4 34. Nf1 1/2-1/2

[Event "GER-chT Betriebe 16th"]
[Site "Dresden"]
[Date "2016.11.05"]
[Round "5.3"]
[White "Socher, Sabrina"]
[Black "Wolf, Wilfried"]
[Result "1/2-1/2"]
[WhiteElo "1565"]
[BlackElo "1584"]
[PlyCount "61"]
[EventDate "2016.11.03"]
[EventType "team-swiss"]
[EventRounds "7"]
[EventCountry "GER"]
[SourceTitle "EXT 2020"]
[Source "ChessBase"]
[SourceDate "2019.10.17"]
[SourceVersion "1"]
[SourceVersionDate "2019.10.17"]
[SourceQuality "1"]
[WhiteTeam "Muenchen ADAC II"]
[BlackTeam "Berlin Tempelhof III"]
[WhiteTeamCountry "GER"]
[BlackTeamCountry "GER"]

1. f4 d5 2. Nf3 Nc6 3. e3 e6 4. Be2 Bd6 5. 0-0 Nf6 6. d3 0-0 7. Nc3 a6 8. d4 b5 9. Bd3 Nb4 10. a3 Nxd3 11. cxd3 Bb7 12. Qe1 Rc8 13. b4 Nd7 14. Qh4 Qxh4 15. Nxh4 Ra8 16. Bd2 Nb6 17. Nf3 Bc6 18. Ne5 Be8 19. Rfb1 f6 20. Nf3 Bg6 21. e4 dxe4 22. Nxe4 Bxe4 23. dxe4 Nc4 24. g3 Rfd8 25. Bc3 Be7 26. Kf2 Kf7 27. a4 c6 28. a5 h6 29. h4 f5 30. e5 Rg8 31. Rh1 1/2-1/2

[Event "Berlin-ch Seniors op 32nd"]
[Site "Berlin"]
[Date "2016.02.02"]
[Round "7"]
[White "Wolf, Wilfried"]
[Black "Bauer, Stefan"]
[Result "1/2-1/2"]
[WhiteElo "1750"]
[BlackElo "1623"]
[PlyCount "107"]
[EventDate "2016.01.26"]
[EventType "swiss"]
[EventRounds "9"]
[EventCountry "GER"]
[SourceTitle "EXT 2019"]
[Source "ChessBase"]
[SourceDate "2018.10.10"]
[SourceVersion "1"]
[SourceVersionDate "2018.10.10"]
[SourceQuality "1"]

1. e4 c5 2. Nf3 Nc6 3. d4 cxd4 4. Nxd4 a6 5. c3 g6 6. Be3 Bg7 7. Be2 Nf6 8. f3 0-0 9. 0-0 d6 10. Bf2 Ne5 11. Nd2 Nh5 12. g3 Bh3 13. Re1 Qd7 14. Be3 f5 15. exf5 gxf5 16. Nc4 Nxc4 17. Bxc4+ d5 18. Bb3 Kh8 19. Bc1 e5 20. Nc2 Rad8 21. Bg5 Rde8 22. Qxd5 Qc7 23. Qc4 Qb6+ 24. Be3 Qg6 25. Qh4 f4 26. Qxh3 fxe3 27. Rxe3 Bh6 28. Re2 Nf4 29. Qf1 Qb6+ 30. Rf2 Ng6 31. Kg2 Re7 32. Re1 Rg7 33. Kh1 Qf6 34. Ne3 Bxe3 35. Rxe3 h5 36. Qe2 h4 37. Bc2 hxg3 38. hxg3 Rh7+ 39. Rh2 Rxh2+ 40. Qxh2+ Kg7 41. Qg2 Rh8+ 42. Kg1 Qb6 43. Qf2 Qxb2 44. Re2 Qc1+ 45. Re1 Qh6 46. Qg2 Kf6 47. Rb1 Qe3+ 48. Kf1 b5 49. Rd1 Ne7 50. Rd6+ Kg7 51. Bb3 Qxc3 52. f4 Qc1+ 53. Rd1 Qe3 54. Qb2 1/2-1/2

[Event "Berlin-ch Seniors op 32nd"]
[Site "Berlin"]
[Date "2016.01.28"]
[Round "3"]
[White "Wolf, Wilfried"]
[Black "Kievelitz, Bernd"]
[Result "0-1"]
[WhiteElo "1750"]
[BlackElo "1890"]
[PlyCount "68"]
[EventDate "2016.01.26"]
[EventType "swiss"]
[EventRounds "9"]
[EventCountry "GER"]
[SourceTitle "EXT 2019"]
[Source "ChessBase"]
[SourceDate "2018.10.10"]
[SourceVersion "1"]
[SourceVersionDate "2018.10.10"]
[SourceQuality "1"]

1. e4 c5 2. Nf3 e6 3. d4 cxd4 4. Nxd4 a6 5. Bc4 Nf6 6. f3 Qc7 7. Qe2 b5 8. Bb3 Bb7 9. c3 d5 10. exd5 Bxd5 11. Bxd5 Nxd5 12. Be3 Bd6 13. g3 0-0 14. f4 Nxe3 15. Qxe3 Nc6 16. Nxc6 Qxc6 17. Rf1 Bc5 18. Qf3 Qd6 19. Nd2 Rad8 20. Ne4 Qb6 21. Nxc5 Qxc5 22. Rd1 b4 23. Rxd8 Rxd8 24. Qf2 Qa5 25. Qc2 Rc8 26. Rf3 Qxa2 27. Rd3 h6 28. Ke2 a5 29. Qd2 b3 30. Rd8+ Rxd8 31. Qxd8+ Kh7 32. Qd2 a4 33. Kd3 a3 34. bxa3 b2 0-1

[Event "GER-chT Betriebe 14th"]
[Site "Dresden"]
[Date "2014.11.22"]
[Round "5.3"]
[White "Wolf, Wilfried"]
[Black "Baudrexel, Peter"]
[Result "1/2-1/2"]
[WhiteElo "1523"]
[BlackElo "1834"]
[PlyCount "29"]
[EventDate "2014.11.20"]
[EventType "team-swiss"]
[EventRounds "7"]
[EventCountry "GER"]
[SourceTitle "EXT 2020"]
[Source "ChessBase"]
[SourceDate "2019.10.17"]
[SourceVersion "1"]
[SourceVersionDate "2019.10.17"]
[SourceQuality "1"]
[WhiteTeam "Berlin Tempelhof II"]
[BlackTeam "Muenchen ADAC"]
[WhiteTeamCountry "GER"]
[BlackTeamCountry "GER"]

1. e4 e6 2. d4 d5 3. exd5 exd5 4. Nf3 Bd6 5. Be2 Nc6 6. Nc3 Nge7 7. 0-0 Bf5 8. a3 Qd7 9. Nb5 0-0-0 10. Nxd6+ Qxd6 11. b4 Ng6 12. Ng5 Qf6 13. Be3 h6 14. Nf3 Be4 15. c3 1/2-1/2

[Event "Berlin-ch Seniors op 30th"]
[Site "Berlin"]
[Date "2014.02.04"]
[Round "6"]
[White "Wolf, Wilfried"]
[Black "Sattler, Guenther"]
[Result "1/2-1/2"]
[WhiteElo "1634"]
[BlackElo "1513"]
[PlyCount "85"]
[EventDate "2014.01.30"]
[EventType "swiss"]
[EventRounds "9"]
[EventCountry "GER"]
[SourceTitle "EXT 2018"]
[Source "ChessBase"]
[SourceDate "2017.10.13"]
[SourceVersion "1"]
[SourceVersionDate "2017.10.13"]
[SourceQuality "1"]

1. e4 e5 2. Nf3 Nc6 3. Nc3 d6 4. Be2 Nf6 5. 0-0 Be7 6. b3 0-0 7. Bb2 Bg4 8. Ne1 Qd7 9. f3 Be6 10. Bb5 a6 11. Bxc6 Qxc6 12. Ne2 Qb6+ 13. Kh1 c5 14. c4 Nh5 15. Nd3 Bg5 16. f4 exf4 17. Nexf4 Nxf4 18. Nxf4 Bxf4 19. Rxf4 Qd8 20. d4 cxd4 21. Qxd4 f6 22. Ba3 Re8 23. Qxd6 Qa5 24. Bb4 Qg5 25. Raf1 Rad8 26. Qc5 Qxc5 27. Bxc5 Rd2 28. R4f2 Red8 29. e5 Rxf2 30. Bxf2 fxe5 31. h3 Rd2 32. a3 Rb2 33. Bg3 Rxb3 34. Bxe5 Bxc4 35. Bd6 h6 36. Re1 Bd5 37. Re2 Bc6 38. Rf2 Rd3 39. Bb4 Rd1+ 40. Kh2 Rd8 41. Kg3 Rd3+ 42. Kg4 Bd7+ 43. Kf4 1/2-1/2

[Event "Berlin-ch Seniors op 30th"]
[Site "Berlin"]
[Date "2014.02.01"]
[Round "3"]
[White "Dombrowsky, Michael"]
[Black "Wolf, Wilfried"]
[Result "1-0"]
[WhiteElo "1981"]
[BlackElo "1634"]
[PlyCount "83"]
[EventDate "2014.01.30"]
[EventType "swiss"]
[EventRounds "9"]
[EventCountry "GER"]
[SourceTitle "EXT 2018"]
[Source "ChessBase"]
[SourceDate "2017.10.13"]
[SourceVersion "1"]
[SourceVersionDate "2017.10.13"]
[SourceQuality "1"]

1. e4 e5 2. Nf3 Nc6 3. Nc3 Nf6 4. d4 exd4 5. Nd5 Be7 6. Nxd4 Nxd4 7. Qxd4 d6 8. Nxe7 Qxe7 9. Bd3 h6 10. 0-0 0-0 11. Re1 Qe5 12. c3 Qxd4 13. cxd4 Re8 14. Bf4 Bd7 15. Rac1 Rac8 16. b4 g5 17. Bd2 Nh7 18. f3 b5 19. Rc3 Re7 20. Rec1 Be8 21. Kf2 Nf8 22. Be3 f6 23. d5 Ng6 24. Bxa7 Ne5 25. Be2 c5 26. Bb6 c4 27. Ra3 Rb7 28. Bd4 Kg7 29. Ra6 Nf7 30. Rc3 Kg6 31. Bd1 Rd8 32. g3 Ne5 33. Be2 Nf7 34. f4 Kg7 35. Rca3 Bd7 36. Bh5 Be8 37. Bg4 Nh8 38. Ra7 Rdb8 39. R3a6 Nf7 40. Rxb7 Rxb7 41. Be6 Rc7 42. Bc3 1-0

[Event "Berlin-ch Seniors op 27th"]
[Site "Berlin"]
[Date "2011.02.03"]
[Round "6"]
[White "Wolf, Wilfried"]
[Black "Kohlmeyer, Dagobert"]
[Result "0-1"]
[WhiteElo "1548"]
[BlackElo "1676"]
[PlyCount "30"]
[EventDate "2011.01.29"]
[EventType "swiss"]
[EventRounds "9"]
[EventCountry "GER"]
[SourceTitle "EXT 2012"]
[Source "ChessBase"]
[SourceDate "2011.11.24"]
[SourceVersion "1"]
[SourceVersionDate "2011.11.24"]
[SourceQuality "1"]

1. e4 e6 2. d4 d5 3. exd5 exd5 4. Nf3 Bd6 5. g3 Nf6 6. Bg5 0-0 7. Be2 Bh3 8. Nbd2 Re8 9. c3 h6 10. Be3 Ng4 11. Nf1 Bxf1 12. Kxf1 Rxe3 13. Ng1 Rxe2 14. Nxe2 Qf6 15. Qe1 Ne3+ 0-1

[Event "Berlin-ch Seniors op 26th"]
[Site "Berlin"]
[Date "2010.02.13"]
[Round "5"]
[White "Junghaenel, Dieter"]
[Black "Wolf, Wilfried"]
[Result "0-1"]
[WhiteElo "1433"]
[BlackElo "1552"]
[PlyCount "174"]
[EventDate "2010.02.09"]
[EventType "swiss"]
[EventRounds "9"]
[EventCountry "GER"]
[SourceTitle "EXT 2012"]
[Source "ChessBase"]
[SourceDate "2011.11.24"]
[SourceVersion "1"]
[SourceVersionDate "2011.11.24"]
[SourceQuality "1"]

1. d4 d5 2. Nf3 Nf6 3. c3 e6 4. e3 Bd6 5. Bd3 0-0 6. Qc2 g6 7. 0-0 Nbd7 8. Nbd2 c5 9. Re1 c4 10. Bf1 b5 11. a3 Bb7 12. g3 Ne4 13. Bg2 f5 14. Nf1 h5 15. Qe2 Kg7 16. N3d2 h4 17. f4 hxg3 18. hxg3 Rh8 19. Nxe4 dxe4 20. Nh2 Nf6 21. Qf2 Qg8 22. Bh1 Qh7 23. Qg2 Qh5 24. Qe2 Ng4 25. Nxg4 Qxh1+ 26. Kf2 Qh3 27. Bd2 Qxg4 28. Qxg4 fxg4 29. Rh1 Rh5 30. Rh4 Rxh4 31. gxh4 Rh8 32. Kg3 Be7 33. Rh1 Bc8 34. Kxg4 e5+ 35. Kg3 exf4+ 36. exf4 Bf5 37. Be3 a5 38. d5 Bf6 39. Bb6 a4 40. Rh2 Re8 41. Be3 Rd8 42. Rd2 Kh6 43. d6 Kh5 44. Rd5 Bxh4+ 45. Kg2 Rb8 46. Bf2 Bxf2 47. Kxf2 Kg4 48. Ke3 Rb7 49. Rd2 Kg3 50. Rd5 Kh4 51. Rd2 Rd7 52. Rh2+ Kg3 53. Rd2 Rh7 54. Rd5 Rb7 55. Rd1 Kh4 56. Rh1+ Kg3 57. Rd1 Bg4 58. Rd5 Bf5 59. Rd1 Kg2 60. Rd2+ Kg3 61. Rd1 Rd7 62. Rd5 Bg4 63. Rd2 Bf3 64. Rd5 Kh4 65. Rd2 g5 66. fxg5 Kxg5 67. Rd5+ Kg4 68. Rd2 Kf5 69. Rd5+ Ke6 70. Rxb5 Rxd6 71. Rc5 Rd3+ 72. Kf4 Rd2 73. Rb5 Bg2 74. Ke3 Rd5 75. Rb4 Rd3+ 76. Ke2 Kf5 77. Rxc4 Kg4 78. Rd4 Rxd4 79. cxd4 Kf5 80. Ke3 Ke6 81. Kd2 Bf1 82. Kc3 Kd5 83. b4 axb3 84. a4 b2 85. Kxb2 Kxd4 86. Kc2 Ke3 87. a5 Ba6 0-1

[Event "GER-chT Betriebe"]
[Site "Berlin"]
[Date "2006.10.08"]
[Round "7.4"]
[White "Grosse Honebrink, Brigitte"]
[Black "Wolf, Wilfried"]
[Result "1-0"]
[WhiteElo "1886"]
[BlackElo "1555"]
[PlyCount "79"]
[EventDate "2006.10.05"]
[EventType "team-tourn"]
[EventRounds "7"]
[EventCountry "GER"]
[SourceTitle "EXT 2020"]
[Source "ChessBase"]
[SourceDate "2019.10.17"]
[SourceVersion "1"]
[SourceVersionDate "2019.10.17"]
[SourceQuality "1"]
[WhiteTeam "Gillette III"]
[BlackTeam "BA Tempelhof II"]
[WhiteTeamCountry "GER"]
[BlackTeamCountry "GER"]

1. d4 d5 2. Nf3 g6 3. Bf4 Bg7 4. e3 Nf6 5. Be2 0-0 6. h3 c6 7. 0-0 Nbd7 8. Nbd2 Nb6 9. c3 Re8 10. Bh2 Nfd7 11. c4 dxc4 12. Nxc4 Nxc4 13. Bxc4 b5 14. Be2 Bb7 15. Rc1 a6 16. Qb3 Rc8 17. Ng5 e6 18. Ne4 Bf8 19. Bd6 Nf6 20. Bxf8 Nxe4 21. Bb4 a5 22. Be1 Nf6 23. Bf3 Qb6 24. a3 Nd7 25. Qc3 a4 26. Qa5 Qxa5 27. Bxa5 Nb8 28. Rc2 Re7 29. Rfc1 Rd7 30. Be2 Ba6 31. f4 f5 32. Bf3 Bb7 33. g4 Kh8 34. Be1 Kg7 35. gxf5 gxf5 36. Bh4 Kf8 37. Bf6 Rf7 38. Be5 Nd7 39. Bd6+ Ke8 40. Bh5 1-0